First Year of Roman Law (Record no. 232277)
[ view plain ]
| 000 -LEADER | |
|---|---|
| fixed length control field | 00692nam a22002417a 4500 |
| 005 - DATE AND TIME OF LATEST TRANSACTION | |
| control field | 20241207113444.0 |
| 008 - FIXED-LENGTH DATA ELEMENTS--GENERAL INFORMATION | |
| fixed length control field | 241207b ||||| |||| 00| 0 eng d |
| 020 ## - INTERNATIONAL STANDARD BOOK NUMBER | |
| International Standard Book Number | 9789391155957 |
| 040 ## - CATALOGING SOURCE | |
| Transcribing agency | AL |
| 041 ## - LANGUAGE CODE | |
| Language code of text/sound track or separate title | English |
| 082 ## - DEWEY DECIMAL CLASSIFICATION NUMBER | |
| Edition number | 23 |
| Classification number | 340.54 |
| Item number | BERF |
| 100 ## - MAIN ENTRY--PERSONAL NAME | |
| Personal name | Fernand Bernard |
| 100 ## - MAIN ENTRY--PERSONAL NAME | |
| 9 (RLIN) | 188629 |
| 245 ## - TITLE STATEMENT | |
| Title | First Year of Roman Law |
| 260 ## - PUBLICATION, DISTRIBUTION, ETC. | |
| Place of publication, distribution, etc. | Bengaluru |
| Name of publisher, distributor, etc. | MPP House |
| Date of publication, distribution, etc. | 2024 |
| 300 ## - PHYSICAL DESCRIPTION | |
| Extent | 326 p. |
| Other physical details | HB |
| Dimensions | 22x14 cm. |
| 365 ## - TRADE PRICE | |
| Price type code | 1060 |
| Price amount | ₹653.35 |
| Currency code | ₹ |
| Unit of pricing | ₹895.00 |
| Price note | 27% |
| Price effective from | 28-11-2024 |
| 650 ## - SUBJECT ADDED ENTRY--TOPICAL TERM | |
| Topical term or geographic name entry element | Law |
| 9 (RLIN) | 188630 |
| 650 ## - SUBJECT ADDED ENTRY--TOPICAL TERM | |
| Topical term or geographic name entry element | Roman law |
| 9 (RLIN) | 188631 |
| 650 ## - SUBJECT ADDED ENTRY--TOPICAL TERM | |
| Topical term or geographic name entry element | History of the Roman law |
| 9 (RLIN) | 188632 |
| 700 ## - ADDED ENTRY--PERSONAL NAME | |
| Personal name | BERNARD (Fernand) |
| 9 (RLIN) | 188633 |
| 700 ## - ADDED ENTRY--PERSONAL NAME | |
| Personal name | SHERMAN (Charles P) |
| 9 (RLIN) | 188634 |
| 942 ## - ADDED ENTRY ELEMENTS (KOHA) | |
| Source of classification or shelving scheme | Dewey Decimal Classification |
| Koha item type | Book |
| Withdrawn status | Lost status | Source of classification or shelving scheme | Damaged status | Not for loan | Collection code | Home library | Current library | Date acquired | Source of acquisition | Cost, normal purchase price | Total Checkouts | Full call number | Barcode | Date last seen | Cost, replacement price | Price effective from | Koha item type |
|---|---|---|---|---|---|---|---|---|---|---|---|---|---|---|---|---|---|
| Dewey Decimal Classification | Law | St Aloysius Law Library | St Aloysius Law Library | 12/05/2024 | MPP House,Bengaluru | 653.35 | 340.54 BERF | LL001025 | 12/07/2024 | 895.00 | 12/07/2024 | Book | |||||
| Dewey Decimal Classification | Law | St Aloysius Law Library | St Aloysius Law Library | 12/05/2024 | MPP House,Bengaluru | 653.35 | 340.54 BERF | LL001026 | 12/07/2024 | 895.00 | 12/07/2024 | Book | |||||
| Dewey Decimal Classification | Law | St Aloysius Law Library | St Aloysius Law Library | 12/05/2024 | MPP House,Bengaluru | 653.35 | 340.54 BERF | LL001027 | 12/07/2024 | 895.00 | 12/07/2024 | Book | |||||
| Dewey Decimal Classification | Law | St Aloysius Law Library | St Aloysius Law Library | 12/05/2024 | MPP House,Bengaluru | 653.35 | 340.54 BERF | LL001028 | 12/07/2024 | 895.00 | 12/07/2024 | Book | |||||
| Dewey Decimal Classification | Law | St Aloysius Law Library | St Aloysius Law Library | 12/05/2024 | MPP House,Bengaluru | 653.35 | 340.54 BERF | LL001029 | 12/07/2024 | 895.00 | 12/07/2024 | Book |